Luxury Fashion Brands - Sudden Death - Statistics

General Stats
  • This quiz has been taken 2,570 times
  • The average score is 9 of 19
Answers on the Grid
Answers color-coded by a green-red scale on the quiz's grid according to % correct below.
Supreme
Bottega Veneta
Givenchy
Tommy Hilfiger
Burberry
Goyard
Valentino
Chrome Hearts
Kipling
GUESS
Zara
Loro Piana
Badgley Mischka
Céline
Hermès
Calvin Klein
Balmain
Bershka
Vivienne Westwood
Christian Louboutin
Juicy Couture
Fendi
Abercrombie & Fitch
Dolce & Gabbana
Salvatore Ferragamo
Miu Miu
Alexander McQueen
Loewe
The North Face
Lululemon
 
Answer Stats
Answer % Correct
Givenchy
76%
Bottega Veneta
71%
Burberry
62%
Valentino
61%
Hermès
54%
Fendi
49%
Dolce & Gabbana
47%
Alexander McQueen
46%
Christian Louboutin
45%
Céline
43%
Balmain
41%
Goyard
41%
Miu Miu
41%
Vivienne Westwood
40%
Loro Piana
37%
Loewe
35%
Salvatore Ferragamo
34%
Chrome Hearts
27%
Badgley Mischka
13%
No matching quizzes found
Score Distribution
Percent of People with Each Score
Percentile by Number Answered
Your Score History
You have not taken this quiz